00721 2200277 4500001002100000005001500021035002000036007000300056008004100059020002200100082001200122084001800134100002800152245003000180250001000210300003300220500001600253650001000269700003300279264003300312336002100345337003000366338002300396990001200419990001200431INLIS00000000000044220250729091154 a0010-0725000014ta250729 f ind  a978-623-310-259-9 a899.221 a899.221 NUR t0 aNurwina SariePengarang1 a3726 MDPL /cNurwina Sari acet 5 a278 halaman :bilus ;c19 cm aBest Seller 4aNovel0 aZafira SalsabilaePenyunting aJakarta :bRomancious,c2025 2rdacontentateks 2rdamediaatanpa perantara 2rdacarrieravolume a25.0371 a25.0420